Mamíferos del Uruguay / (Registro nro. 8376)
[ vista simple ]
| 000 -CABECERA | |
|---|---|
| Campo de control interno | 01748nam a2200241Ia 4500 |
| 008 - ELEMENTOS DE LONGITUD FIJA - INFORMACIÓN GENERAL | |
| Campo de control de longitud fija | 260220t1935||||xx |||||||||||||| ||spa|| |
| 040 ## - FUENTE DE CATALOGACIÓN | |
| Agencia de catalogación original | PY-SlUNAC |
| Idioma de catalogación | spa |
| Convenciones de descripción | rda |
| 041 ## - CÓDIGO DE IDIOMA | |
| Código de idioma para texto/pista de sonido o título separado | spa |
| 082 ## - NÚMERO DE CLASIFICACIÓN DECIMAL DEWEY | |
| Clasificación Decimal Dewey (CDD) | 599 |
| Clasificación Expansiva de Cutter (EC) | D495m |
| 100 ## - ASIENTO PRINCIPAL - NOMBRE PERSONAL | |
| Nombre personal | Devincenzi, Garibaldi J. |
| Rol del autor | Autor |
| 245 #0 - TÍTULO | |
| Título | Mamíferos del Uruguay / |
| Mención de responsabilidad | por Garibaldi J. Devincenzi [Autor] |
| 264 ## - PIE DE IMPRENTA | |
| Lugar | Montevideo : |
| Editorial | Imprenta Nacional, |
| Año | ℗1935. |
| 300 ## - DESCRIPCIÓN FÍSICA | |
| Páginas | 1 volumen |
| 520 ## - NOTA DE RESUMEN | |
| Nota de resumen | "Los Mamíferos del Uruguay" de Garibaldi J. Devincenzi es una obra fundamental que documenta la diversidad y características de los mamíferos de Uruguay. Publicado en 1935, el libro ofrece una exhaustiva clasificación de las especies mamíferas presentes en el país, proporcionando descripciones detalladas sobre su morfología, hábitats, comportamiento y distribución geográfica. Devincenzi combina observaciones empíricas con una sólida base científica, lo que contribuye a un mejor entendimiento de la fauna uruguaya y su ecología. A lo largo de los capítulos, se abordan distintos grupos de mamíferos, incluyendo marsupiales, roedores y carnívoros, destacando su importancia en el ecosistema local. Además, la obra refleja el compromiso del autor con la conservación y el estudio de la biodiversidad. Esta publicación no solo es un recurso valioso para investigadores y estudiantes, sino que también se convierte en un referente para la educación ambiental y la preservación de la fauna uruguaya, siendo un testimonio del patrimonio natural del país. |
| 651 ## - MATERIA - NOMBRE GEOGRÁFICO | |
| Materia - nombre geográfico | Uruguay |
| 653 ## - MATERIA - TÉRMINO TEMÁTICO NO CONTROLADO (PALABRAS CLAVE) | |
| Materia - término temático no controlado (palabras clave) | Fauna |
| 653 ## - MATERIA - TÉRMINO TEMÁTICO NO CONTROLADO (PALABRAS CLAVE) | |
| Materia - término temático no controlado (palabras clave) | Mamíferos |
| 942 ## - ELEMENTOS PERSONALIZADOS (KOHA) | |
| Fecha catalogación | 2026/02/17 |
| Tipo de documento | Libros |
| Fuente de Clasificacion | Colección | Ubicacion permanente | Biblioteca actual | Fecha de Ingreso a la Biblioteca | Origen de adquisición | Código de ubicación | Código de barras | Tipo de Item KOHA | Nota pública |
|---|---|---|---|---|---|---|---|---|---|
| Dewey Decimal Classification | Colección General (CG) | Biblioteca e Internet, Facultad de Ciencias Exactas y Naturales | Biblioteca e Internet, Facultad de Ciencias Exactas y Naturales | 02/20/2026 | Donación | 599 D495m | CG1736 | Libros | Material disponible en la Biblioteca e Intenet, Campus UNA, San Lorenzo. |


